Príprava a vlastnosti karboxylátomanganatých a karboxylátomeďnatých komplexov s niektorými dusíkatými ligandami dizertačná práca

Salvato in:
Dettagli Bibliografici
Autore principale: Čechová, Danica
Natura: Libro
Lingua:slovacco
Pubblicazione: Bratislava STU FCHPT 2015
Accesso online:Visualizza in OPAC
Tags: Aggiungi Tag
Nessun Tag, puoi essere il primo ad aggiungerne!!

MARC

LEADER 00000nam a2200000 a 4500
005 20260127133957.0
008 160304 2015 000 0 slo d
035 |a vtls011532626 
039 9 |y 201603040852  |z mschk02 
040 |a STUSCHK1  |b slo  |c STUSCHK1  |e AACR2 
100 1 |a Čechová, Danica 
245 1 |a Príprava a vlastnosti karboxylátomanganatých a karboxylátomeďnatých komplexov s niektorými dusíkatými ligandami  |b dizertačná práca  |c Danica Čechová 
260 |a Bratislava  |b STU FCHPT  |c 2015 
300 |a 132 s.  |b il.  |c 24 cm 
500 |a Školiace pracovisko: Odd. anorganickej chémie 
910 |a SCHK95 
999 |c 1335  |d 1335